Enciclopedia de la vida natural. (Registro nro. 12800)

Detalles MARC
000 -LIDER
fixed length control field 00609nam a22002057a 4500
003 - IDENTIFICACDOR DE NÚMERO DE CONTROL
control field DO-SdBNP
005 - DATE AND TIME OF LATEST TRANSACTION
control field 20171129155705.0
008 - ELEMENTOS DE LONGITUD FIJA
fixed length control field 171108b 1981 sp a ||||| |||| 00| 0 spa d
020 ## - ISBN
International Standard Book Number 8427806841
040 ## - FUENTE DE CATALOGACIÓN
Agencia que crea de manera original el registro BPMSU
Idioma de catalogación spa
Agencia que realiza la transcripción BPMSU
092 ## - LOCALLY ASSIGNED DEWEY DECIMAL CALL NUMBER
Número de clasificación xxxx
Número de ítem (Cutter) xxxx
245 00 - MENCIÓN DE TITULO
Título Enciclopedia de la vida natural.
260 ## - PUBLICACIÓN, DISTRIBUCIÓN, ETC. (PIE DE IMPRENTA)
Lugar de publicación, distribución, etc Barcelona :
Nombre del editor, distribuidor, etc. Nauta,
Fecha de publicación, distribución, etc 1981.
300 ## - DESCRIPCIÓN FÍSICA
Extensión v. :
Otros detalles físicos il. ;
Dimensiones 20 cm.
500 ## - NOTA GENERAL
Nota general La biblioteca posee el v. 3
505 ## - NOTA DE CONTENIDO
Información miscelánea v.3
Título Cocina dietética y de régimen.
942 ## - ADDED ENTRY ELEMENTS (KOHA)
Source of classification or shelving scheme Dewey Decimal Classification
Koha item type Libros
945 ## - INFORMACIÓN DE PROCESAMIENTO LOCAL
Información de procesamiento local Inventariado extranjero / 2017 YL
956 ## - LOCAL ELECTRONIC LOCATION AND ACCESS (OCLC)
Nombre de host LOPEREZ
Número de acceso 10
Información de compresión 20171108
Procesador de solicitud 00041
Instrucción BPMSU
Existencias
Withdrawn status Lost status Source of classification or shelving scheme Damaged status Not for loan Collection code Home library Current library Date acquired Source of acquisition Total Checkouts Barcode Date last seen Price effective from Koha item type
    Dewey Decimal Classification     Colección General Biblioteca Pública Metropolitana Salomé Ureña Biblioteca Pública Metropolitana Salomé Ureña 11/08/2017 Donación   BPMSU17110090 11/08/2017 11/08/2017 Libros